Noise: Living and leading when nobody can focus (Record no. 52313)
[ view plain ]
| 000 -LEADER | |
|---|---|
| fixed length control field | 00579nam a2200157 a 4500 |
| 008 - FIXED-LENGTH DATA ELEMENTS--GENERAL INFORMATION | |
| fixed length control field | 211203s2020 ||||||||||||||||| || u |
| 020 ## - INTERNATIONAL STANDARD BOOK NUMBER | |
| International Standard Book Number | 9781119553373 |
| 050 ## - LIBRARY OF CONGRESS CALL NUMBER | |
| Classification number | BF 323 McC |
| 100 ## - MAIN ENTRY--PERSONAL NAME | |
| Personal name | McCormack, Joseph |
| 245 10 - TITLE STATEMENT | |
| Title | Noise: Living and leading when nobody can focus |
| Statement of responsibility, etc. | By Joseph McCormack |
| 260 ## - PUBLICATION, DISTRIBUTION, ETC. | |
| Place of publication, distribution, etc. | USA |
| Name of publisher, distributor, etc. | Wiley |
| Date of publication, distribution, etc. | 2020 |
| 300 ## - PHYSICAL DESCRIPTION | |
| Extent | xxvi,275 pages : illustrations |
| 650 ## - SUBJECT ADDED ENTRY--TOPICAL TERM | |
| Topical term or geographic name entry element | NOISE |
| 650 #0 - SUBJECT ADDED ENTRY--TOPICAL TERM | |
| Topical term or geographic name entry element | LEADERSHIP |
| 995 ## - RECOMMENDATION 995 [LOCAL, UNIMARC FRANCE] | |
| -- | CBU-MAIN LIBRARY (Kitwe) |
| -- | 31.63 |
| -- | 1 |
| -- | AVAILABLE |
| -- | Dec 3, 2021 |
| -- | Main Library Open Access Collection |
| Withdrawn status | Lost status | Source of classification or shelving scheme | Damaged status | Not for loan | Home library | Current library | Shelving location | Date acquired | Total Checkouts | Full call number | Barcode | Date last seen | Price effective from | Koha item type |
|---|---|---|---|---|---|---|---|---|---|---|---|---|---|---|
| CBU-MAIN LIBRARY, KITWE. | CBU-MAIN LIBRARY, KITWE. | 11/30/2022 | BF 323 McC | 751246 | 11/30/2022 | 11/30/2022 | MONOGRAPH |